000 00921nam a2200229Ia 4500
003 GCL
005 20240530105439.0
008 140319s9999 xx 000 0 ara d
040 _aGCL /
_cGCL
082 0 4 _a346.2
_bف ب
100 1 _aعبدالحميد الشواربى
245 1 0 _aبيع الجدك للمحلات التجارية والصناعية والمنشات الاخرى :
_bدراسة فقهية قضائية مع احكام النقض حتى عام 1991 /
_cتاليف فتيحة قره ، عبدالحميد الشواربى
260 _a[ الاسكندرية ] :
_bمنشأة المعارف
_c1987
300 _a445 ص؛
_b24 سم
490 _aسلسلة الكتب القانونية
_v0
650 0 4 _aالبيع
650 0 4 _aقانون الملكية
650 0 4 _aالحيازة
650 0 4 _aالايجار
700 1 _aعبدالحميد الشواربى
_4مؤلف
942 _2ddc
_cBK
999 _c56129
_d56129